000 00473nam a2200181Ia 4500
003 GCL
008 140319s9999 xx 000 0 ara d
040 _aGCL /
_cGCL
082 0 4 _a813.06
_bا ت
100 1 _aاحمد بهجت
245 1 0 _aتحتمس 400 بشرطة /
_cاحمد بهجت
300 _a159 ص
490 _a
650 0 4 _aالادب العربى
650 0 4 _aالقصص العربية
650 0 4 _aالسخرية فى الادب
942 _2ddc
_cBK
999 _c45390
_d45390